Logo BPK

Bibliografia Prac Pracowników

Politechniki Koszalińskiej

Zastosowanie technik programowania z ograniczeniami do budowy interakcyjnego systemu sterowania dyspozytorskiego procesami transportu i składowania ESP / (Rekord nr 9683)

Szczegóły MARC
000 -ETYKIETA REKORDU
podpole kontrolne o stałej długości 00964naa a2200157 i 4500
001 - NUMER KONTROLNY REKORDU
podpole kontrolne 9683
003 - IDENTYFIKATOR NUMERU KONTROLNEGO REKORDU
podpole kontrolne KOSZ 005
005 - DATA OSTATNIEJ MODYFIKACJI REKORDU
podpole kontrolne 20180410140357.0
008 - POLE O STAŁEJ DŁUGOŚCI - DANE KONTROLNE
podpole kontrolne o stałej długości 151212s2006 pl n f |000 0pol
040 ## - ŹRÓDŁO KATALOGOWANIA
Instytucja, która utworzyła rekord BPK
Instytucja, która dokonała modyfikacji KOSZ 005/EG
100 1# - NAZWA OSOBOWA
Nazwa osobowa BOCEWICZ, Grzegorz.
Lata pracy 2006 - .
Instytucja Politechnika Koszalińska - Wydział Elektroniki i Informatyki,
Wydział Zakład Podstaw Informatyki i Zarządzania
245 10 - TYTUŁ/ODPOWIEDZIALNOŚĆ
Tytuł Zastosowanie technik programowania z ograniczeniami do budowy interakcyjnego systemu sterowania dyspozytorskiego procesami transportu i składowania ESP /
Pozostałe elementy strefy tytułu i oznaczenia odpowiedzialności Grzegorz Bocewicz, Wojciech Muszyński, Zbigniew Banaszak.
700 1# - HASŁO DODATKOWE - NAZWA OSOBOWA
Nazwa osobowa BANASZAK, Zbigniew.
Instytucja Politechnika Koszalińska - Wydział Elektroniki i Informatyki,
Lata pracy 2003 - .
Wydział Katedra Telekomunikacji
773 0# - TYTUŁ DOKUMENTU MACIERZYSTEGO
Wyrażenie wprowadzające W :
Tytuł Metody i techniki zarządzania w inżynierii produkcji : zbiór prac / pod red. Józefa Matuszka. -
Adres wydawniczy Bielsko-Biała : Wydaw. Akademii Techniczno-Humanistycznej, 2006. -
Informacje dotyczące relacji s.107-126
942 ## - HASŁO DODATKOWE - ELEMENTY(KOHA)
Typ dokumentu Rozdział
Schemat klasyfikacji Uniwersalna klasyfikacja dziesiętna

Brak dostępnych egzemplarzy.

© 2014 Biblioteka Politechniki Koszalińskiej :: BIBLIOGRAFIA PRAC PRACOWNIKÓW